Who Played...80s TV? Quiz Stats

Quiz Updated Jul 4, 2012

Challenge
Share
Tweet
Embed
Score 0/60 Timer 10:00
0 Plays Today
TV Show Actor or Actress % Correct
The Cosby ShowBill Cosby
93.7%
RoseanneRoseanne
92.7%
The Golden GirlsBetty White
92.6%
CheersTed Danson
85.6%
Who's the Boss?Tony Danza
82.3%
The Golden GirlsBea Arthur
81.8%
Family TiesMichael J. Fox
81.5%
RoseanneJohn Goodman
79%
NewhartBob Newhart
78.6%
Full HouseJohn Stamos
74.1%
Full HouseMary-Kate and Ashley Olsen
69%
Married...with ChildrenChristina Applegate
66.2%
CheersShelley Long
64.6%
CheersRhea Perlman
64.4%
Full HouseBob Saget
63.4%
The Cosby ShowPhylicia Rashad
62.3%
Who's the Boss?Alyssa Milano
58%
Full HouseCandace Cameron
57.1%
The Golden GirlsEstelle Getty
54.6%
Family TiesJustine Bateman
53.2%
CheersGeorge Wendt
51.6%
Star Trek: TNGPatrick Stewart
51.3%
The Golden GirlsRue McClanahan
50%
RoseanneSara Gilbert
47.9%
Family TiesMeredith Baxter
47.9%
The Cosby ShowLisa Bonet
47.8%
The Cosby ShowMalcolm-Jamal Warner
46.8%
Married...with ChildrenKatey Sagal
46.3%
Night CourtHarry Anderson
45.3%
Married...with ChildrenEd O'Neill
45%
TV Show Actor or Actress % Correct
Who's the Boss?Judith Light
44.1%
DynastyJoan Collins
43.1%
Designing WomenDelta Burke
39.3%
DynastyLinda Evans
36.1%
Family TiesMichael Gross
35.4%
Star Trek: TNGLeVar Burton
34.1%
Night CourtJohn Larroquette
34%
Night CourtMarkie Post
34%
Designing WomenAnnie Potts
33.4%
DynastyJohn Forsythe
33.3%
The SimpsonsYeardley Smith
32.4%
L.A. LawCorbin Bernsen
32.3%
DynastyHeather Locklear
32.1%
L.A. LawSusan Dey
31.3%
Designing WomenDixie Carter
29.5%
The SimpsonsJulie Kavner
27.7%
RoseanneLaurie Metcalf
26.1%
Star Trek: TNGBrent Spiner
26.1%
Night CourtRichard Moll
24.3%
L.A. LawJimmy Smits
22.4%
Who's the Boss?Katherine Helmond
22.3%
The SimpsonsDan Castellaneta
21.4%
The SimpsonsNancy Cartwright
21.2%
NewhartTom Poston
19.1%
Star Trek: TNGMichael Dorn
19%
Designing WomenJean Smart
17.8%
NewhartJulia Duffy
13.6%
Married...with ChildrenAmanda Bearse
11.7%
NewhartMary Frann
9.7%
L.A. LawJill Eikenberry
7.9%

You're not logged in!

Compare scores with friends on all Sporcle quizzes.
Sign Up with Email
OR
Log In

You Might Also Like...

Show Comments

Extras

Top Quizzes Today


Score Distribution

Your Account Isn't Verified!

In order to create a playlist on Sporcle, you need to verify the email address you used during registration. Go to your Sporcle Settings to finish the process.